000 00230nam a2200097Ia 4500
008 240331s9999 xx 000 0 und d
082 _bDES
100 _ade Silva, K.M.. ed
245 0 _aSri Lanka :
_bpoblems of governance
942 _cL
999 _c2287
_d2287